|
|
|
|
| LEADER |
00000naa2a2200000 4500 |
| 001 |
383286 |
| 005 |
20231101063110.0 |
| 035 |
|
|
|a (RuTPU)RU\TPU\prd\8760
|
| 090 |
|
|
|a 383286
|
| 100 |
|
|
|a 20021128a2002 k y0rusy50 ca
|
| 101 |
0 |
|
|a rus
|
| 102 |
|
|
|a RU
|
| 200 |
1 |
|
|a Контрольные измерительные материалы для единого государственного экзамена
|f А. О. Татур
|
| 225 |
1 |
|
|a Внимание: эксперимент!
|
| 300 |
|
|
|a Высшее образование в документах: Журнал в журнале
|
| 461 |
|
1 |
|0 (RuTPU)RU\TPU\prd\1307
|x 1726-667X
|t Высшее образование сегодня
|o научно-практический журнал
|d 2001-
|
| 463 |
|
1 |
|0 (RuTPU)RU\TPU\prd\7062
|t № 7/8
|v С. 28-33
|d 2002
|
| 610 |
1 |
|
|a контрольные измерительные материалы
|
| 610 |
1 |
|
|a единый государственный экзамен
|
| 700 |
|
1 |
|a Татур
|b А. О.
|g Александр Олегович
|
| 801 |
|
1 |
|a RU
|b 63413507
|c 20021128
|g PSBO
|
| 801 |
|
2 |
|a RU
|b 63413507
|c 20140728
|g RCR
|
| 942 |
|
|
|c BK
|